<The> Impacts of common commercial policy on export performances of Visegrad countries

Preskúmanie vplyvu regionálnych obchodných dohôd a spoločnej obchodnej politiky v oblasti exportných výkonov krajín Vyšehradskej štvorky pred a po vstupe do EÚ. Analýza a porovnanie vývovzných výkonov pomocou gravitačného modelu.

Salvato in:
Dettagli Bibliografici
Autore principale: Akhvlediani, Tinatin
Altri autori: Śledziewska, Katarzyna
Natura: Capitolo di libro
Lingua:inglese
Soggetti:
Tags: Aggiungi Tag
Nessun Tag, puoi essere il primo ad aggiungerne!!

MARC

LEADER 00000naa a2200000 4500
001 0229713
005 20220805080025.4
041 0 |a eng 
044 |a CZ 
245 1 0 |a <The> Impacts of common commercial policy on export performances of Visegrad countries  |c Tinatin Akhvlediani, Katarzyna Śledziewska 
520 |a Preskúmanie vplyvu regionálnych obchodných dohôd a spoločnej obchodnej politiky v oblasti exportných výkonov krajín Vyšehradskej štvorky pred a po vstupe do EÚ. Analýza a porovnanie vývovzných výkonov pomocou gravitačného modelu. 
610 2 0 |a Vyšehradská štvorka 
610 2 0 |a vývoz 
610 2 0 |a právo obchodné 
610 2 0 |a analýza komparatívna 
610 2 0 |a metódy kvantitatívne 
100 1 |a Akhvlediani, Tinatin 
700 1 |a Śledziewska, Katarzyna